MARC details
| 000 -LEADER |
| fixed length control field |
01793cam a2200373 a 4500 |
| 001 - CONTROL NUMBER |
| control field |
15799718 |
| 003 - CONTROL NUMBER IDENTIFIER |
| control field |
OSt |
| 005 - DATE AND TIME OF LATEST TRANSACTION |
| control field |
20230627115559.0 |
| 008 - FIXED-LENGTH DATA ELEMENTS--GENERAL INFORMATION |
| fixed length control field |
090701s2002 enkab b 001 0 eng |
| 010 ## - LIBRARY OF CONGRESS CONTROL NUMBER |
| LC control number |
2009349739 |
| 020 ## - INTERNATIONAL STANDARD BOOK NUMBER |
| International Standard Book Number |
9789280721010 |
| 020 ## - INTERNATIONAL STANDARD BOOK NUMBER |
| International Standard Book Number |
9280721011 |
| 035 ## - SYSTEM CONTROL NUMBER |
| System control number |
(OCoLC)ocm50575642 |
| 040 ## - CATALOGING SOURCE |
| Original cataloging agency |
OVP |
| Transcribing agency |
OVP |
| Modifying agency |
DIV |
| -- |
CLU |
| -- |
MUQ |
| -- |
UNA |
| -- |
BAKER |
| -- |
NLGGC |
| -- |
YDXCP |
| -- |
I7R |
| -- |
AU@ |
| -- |
DLC |
| 042 ## - AUTHENTICATION CODE |
| Authentication code |
lccopycat |
| -- |
lcode |
| 043 ## - GEOGRAPHIC AREA CODE |
| Geographic area code |
f------ |
| 050 00 - LIBRARY OF CONGRESS CALL NUMBER |
| Classification number |
GE160.A35 |
| Item number |
A35 2002 |
| 082 04 - DEWEY DECIMAL CLASSIFICATION NUMBER |
| Classification number |
333.7096 |
| Edition number |
22 |
| Item number |
UNEP |
| 245 00 - TITLE STATEMENT |
| Title |
Africa environment outlook : |
| Remainder of title |
past, present, and future perspectives. |
| 260 ## - PUBLICATION, DISTRIBUTION, ETC. (IMPRINT) |
| Place of publication, distribution, etc. |
Stevenage, Hertfordshire : |
| Name of publisher, distributor, etc. |
Earthprint for and on behalf of the United Nations Environment Programme, |
| Date of publication, distribution, etc. |
2002. |
| 300 ## - PHYSICAL DESCRIPTION |
| Extent |
xxii, 422 p. : |
| Other physical details |
col. ill, col. maps ; |
| Dimensions |
28 cm. |
| 500 ## - GENERAL NOTE |
| General note |
Produced by AMCEN/UNEP in collaboration with various AEO collaborating centres. |
| 504 ## - BIBLIOGRAPHY, ETC. NOTE |
| Bibliography, etc |
Includes bibliographical references and index. |
| 505 0# - FORMATTED CONTENTS NOTE |
| Formatted contents note |
Environment and development in Africa: 1972-2002 -- The state of Africa's environment and policy analysis : Atmosphere ; Biodiversity ; Coastal and marine environments ; Forests ; Freshwater ; Land ; Urban areas -- Human vulnerability to environmental change -- Outlook 2002-2032 -- Policy responses, analysis and action. |
| 530 ## - ADDITIONAL PHYSICAL FORM AVAILABLE NOTE |
| Additional physical form available note |
Also available online. |
| 650 #0 - SUBJECT ADDED ENTRY--TOPICAL TERM |
| Topical term or geographic name as entry element |
Environmental policy |
| Geographic subdivision |
Africa. |
| 651 #0 - SUBJECT ADDED ENTRY--GEOGRAPHIC NAME |
| Geographic name |
Africa |
| General subdivision |
Environmental conditions. |
| 710 2# - ADDED ENTRY--CORPORATE NAME |
| Corporate name or jurisdiction name as entry element |
United Nations Environment Programme. |
| 710 2# - ADDED ENTRY--CORPORATE NAME |
| Corporate name or jurisdiction name as entry element |
AMCEN Secretariat. |
| 856 41 - ELECTRONIC LOCATION AND ACCESS |
| Uniform Resource Identifier |
<a href="http://bibpurl.oclc.org/web/3487">http://bibpurl.oclc.org/web/3487</a> |
| -- |
<a href="http://www.unep.org/aeo/">http://www.unep.org/aeo/</a> |
| 906 ## - LOCAL DATA ELEMENT F, LDF (RLIN) |
| a |
7 |
| b |
cbc |
| c |
copycat |
| d |
3 |
| e |
ncip |
| f |
20 |
| g |
y-gencatlg |
| 942 ## - ADDED ENTRY ELEMENTS (KOHA) |
| Source of classification or shelving scheme |
Dewey Decimal Classification |
| Koha item type |
Books |